Normal view
MARC view
- بوقرة، إيمان
Entry Personal Name
001 - CONTROL NUMBER
- control field: 64785
003 - CONTROL NUMBER IDENTIFIER
- control field: JO-AjAnu
005 - DATE AND TIME OF LATEST TRANSACTION
- control field: 20231209144119.0
008 - FIXED-LENGTH DATA ELEMENTS
- fixed length control field: 231209|| aca||aabn | a|a d
040 ## - CATALOGING SOURCE
- Original cataloging agency: JO-AjAnu
100 ## - HEADING--PERSONAL NAME
- Personal name: بوقرة، إيمان